| 000 -LEADER |
| fixed length control field |
00962nam a22002057a 4500 |
| 005 - DATE AND TIME OF LATEST TRANSACTION |
| control field |
20241101140832.0 |
| 008 - FIXED-LENGTH DATA ELEMENTS--GENERAL INFORMATION |
| fixed length control field |
240531b ||||| |||| 00| 0 eng d |
| 040 ## - CATALOGING SOURCE |
| Transcribing agency |
SSBUL |
| 041 ## - LANGUAGE CODE |
| Language code of text/sound track or separate title |
Myanmar |
| 082 ## - DEWEY DECIMAL CLASSIFICATION NUMBER |
| Edition number |
23 |
| Classification number |
၂၉၄.၃၄၄၃ ဉာ |
| Item number |
၁၂၂၂၈ S-UOK |
| 100 0# - MAIN ENTRY--PERSONAL NAME |
| Personal name |
ဉာဏ၊ အသျှင်။ |
| 9 (RLIN) |
42511 |
| 245 10 - TITLE STATEMENT |
| Title |
နိဗ္ဗာန်ကိုသွား ဉာဏ်ရထား / |
| Statement of responsibility, etc. |
အသျှင်ဉာဏ။ |
| 260 ## - PUBLICATION, DISTRIBUTION, ETC. |
| Place of publication, distribution, etc. |
မန္တလေး ၊ |
| Name of publisher, distributor, etc. |
ရတနာသီရိစာပုံနှိပ်တိုက်၊ |
| Date of publication, distribution, etc. |
၁၉၆၇။ |
| 264 ## - PRODUCTION, PUBLICATION, DISTRIBUTION, MANUFACTURE, AND COPYRIGHT NOTICE |
| Place of production, publication, distribution, manufacture |
မန္တလေး ၊ |
| Name of producer, publisher, distributor, manufacturer |
အောင်ဇေယျစာပေ၊ |
| Date of production, publication, distribution, manufacture, or copyright notice |
[ခုနှစ်မပါ]။ |
| 300 ## - PHYSICAL DESCRIPTION |
| Extent |
၂၉၆ စာမျက်နှာ ၊ |
| Dimensions |
၁၈ စင်တီ။ |
| 500 ## - GENERAL NOTE |
| General note |
S-UOK: U Ohn Kyaw |
|
| General note |
<br/>S-SL: U San Lwin Collection<br/>S-SAT: Dr. Sai Aung Tun |
| 650 ## - SUBJECT ADDED ENTRY--TOPICAL TERM |
| Topical term or geographic name entry element |
ဗုဒ္ဓတရားတော် |
| 942 ## - ADDED ENTRY ELEMENTS (KOHA) |
| Source of classification or shelving scheme |
|
| Koha item type |
Book (Short term) |